Word Scramble - Districts of Portugal - Statistics

General Stats
  • This quiz has been taken 104 times
  • The average score is 14 of 20
Answer Stats
Scramble District % Correct
oortp Porto
98%
oafr Faro
95%
lnsboi Lisbon
94%
argab Braga
89%
jeab Beja
84%
uagrda Guarda
78%
maiader Madeira
78%
cmboiar Coimbra
73%
ezasor Azores
67%
uesvi Viseu
63%
çnabarag Bragança
62%
baúestl Setúbal
62%
oéavr Évora
60%
aeliir Leiria
57%
iavl elra Vila Real
56%
gelrtepaor Portalegre
52%
eoraiv Aveiro
51%
clteaso cabonr Castelo Branco
51%
vaain od clteaso Viana do Castelo
51%
naéarmts Santarém
49%
No matching quizzes found
Score Distribution
Percent of People with Each Score
Percentile by Number Answered
Your Score History
You have not taken this quiz